000 00509nam a2200133Ia 4500
008 100328s9999 xx 000 0 und d
082 _b73108
100 _aभोळे भास्कर लक्ष्मण-अनु.(मूळ लेखक-ज्युझे सारामागु)
245 _aब्लाईंडनेस(Blindness)
260 _bसाकेत.
630 _aब्लाईंडनेस(Blindness)
730 _aब्लाईंडनेस(Blindness)
942 _cBOOK
999 _c558829
_d558826